| 000 | 00735nam a2200217Ia 4500 | ||
|---|---|---|---|
| 005 | 20250508150818.0 | ||
| 008 | 008 250505s9999 xx 000 0 eng d | ||
| 037 | _aTextual | ||
| 040 |
_aFEDL _beng _cFEDL |
||
| 041 |
_aeng _2eng |
||
| 084 |
_a016.407, COL _qFEDL |
||
| 100 |
_aFife Robert Herndon _9757708 |
||
| 245 | 0 | _aAnalytical bibliography of modern language tecahing 1937-1942. Vol 3 Complied by Clara Breslove King and Clare Balluff | |
| 245 | 0 | _cCommittee on Modern Languages American Council on Education | |
| 260 |
_aNew York, USA _bKing's Crown Press _c1949 |
||
| 300 | _axiii,549p. | ||
| 365 |
_aINR _b26 |
||
| 650 | _aBibliographies | ||
| 942 |
_cTEXL _h016.407, COL |
||
| 999 |
_c1325811 _d1325811 |
||